000 02503nam a22004337a 4500
003 PE-LiUPU
005 20250731180158.0
008 220915b |||||||| |||| 00| 0 spa d
020 _a9786075265568
040 _aPE-LiUPU
_bspa
_cPE-LiUPU
_erda
082 _223
_a515.35
_bG475m
100 1 _9175
_aGill, Dennis G.
_eautor
245 1 0 _aMatemáticas V :
_bEcuaciones diferenciales /
_cDennis G. Zill y Warren S. Wright
264 _aMéxico :
_bCengage Learning,
_c2013
300 _a236 páginas :
_c27 cm.
505 _aECUACIONES DIFERENCIALES DE PRIMER ORDEN -- Definiciones y terminología -- Problemas con valores iniciales -- Ecuaciones diferenciales como modelos matemáticos -- Variables separables -- Ecuaciones lineales -- Ecuaciones exactas -- Soluciones por sustitución – ECUACIONES DIFERENCIALES DE ORDEN SUPERIOR -- Teoría preliminar: Ecuaciones lineales -- Reducción de orden -- Ecuaciones lineales homogéneas con coeficientes constantes -- Coeficientes indeterminados: Método de superposición -- Coeficientes indeterminados: Método del anulador -- Variación de parámetros -- Ecuación de Cauchy-Euler -- LA TRANSFORMADA DE LAPLACE -- Definición de la transformada de Laplace -- Transformadas inversas y transformadas de derivadas -- Propiedades operacionales I – Propiedades operacionales II -- La función delta de Dirac – INTRODUCCIÓN A LOS SISTEMAS DE ECUACIONES DIFERENCIALES LINEALES -- Solución de sistemas de ED lineales por eliminación -- Solución de sistemas de ED lineales por transformada de Laplace -- Introducción a la solución matricial de sistemas de ED lineales -- Sistemas lineales homogéneos -- Funciones ortogonales -- Series de Fourier -- Series de Fourier de cosenos y de senos -- Problemas con valores en la frontera en coordenadas rectangulares -- Función gamma -- Transformadas de Laplace.
526 _aSEG44
526 _aSEG26
526 _aP159
526 _aP155
526 _aP154
526 _aP153
526 _aP150
526 _aP100
526 _aP31
526 _aP30
526 _aP26
526 _aP25
526 _aP24
526 _aP22
526 _aP15
526 _aP10
650 0 _9176
_aEcuaciones diferenciales
700 1 _9177
_aWright, Warren S.
_eautor
700 1 _9178
_aIbarra Escutia, Joel
_eautor
700 1 _9179
_aGarcía Hernández, Ana Elizabeth
_etraductora
942 _2ddc
_cBOOK
_n0
980 _618226
_aJaime Vilcazán
_81
_gALBERTO SANCHEZ Responsable de Automatización
999 _c61572
_d61572